Library Banner

Health psychology : (Record no. 117292)

MARC details
000 -LEADER
fixed length control field 00774cam a2200253 i 4500
001 - CONTROL NUMBER
control field 17560359
005 - DATE AND TIME OF LATEST TRANSACTION
control field 20200305105807.0
008 - FIXED-LENGTH DATA ELEMENTS--GENERAL INFORMATION
fixed length control field 121212s2014 at a b 001 0 eng
020 ## - INTERNATIONAL STANDARD BOOK NUMBER
International Standard Book Number 9781133593072 (hbk)
020 ## - INTERNATIONAL STANDARD BOOK NUMBER
International Standard Book Number 1133593070 (hbk)
040 ## - CATALOGING SOURCE
Transcribing agency PK-LaUMT
082 00 - DEWEY DECIMAL CLASSIFICATION NUMBER
Classification number 616.0019
Edition number 23
Item number BRA-H
100 1# - MAIN ENTRY--PERSONAL NAME
Personal name Brannon, Linda
245 10 - TITLE STATEMENT
Title Health psychology :
Remainder of title an introduction to behavior and health /
Statement of responsibility, etc Linda Brannon, Jess Feist and John A. Updegraff
250 ## - EDITION STATEMENT
Edition statement 8th ed.
260 ## - PUBLICATION, DISTRIBUTION, ETC. (IMPRINT)
Place of publication, distribution, etc Belmont :
Name of publisher, distributor, etc Wadsworth,
Date of publication, distribution, etc 2014
300 ## - PHYSICAL DESCRIPTION
Extent xxi, 521 p. :
Other physical details illustrations (some color) ;
Dimensions 24 cm
650 #0 - SUBJECT ADDED ENTRY--TOPICAL TERM
Topical term or geographic name as entry element Medicine and psychology.
650 #0 - SUBJECT ADDED ENTRY--TOPICAL TERM
Topical term or geographic name as entry element Sick
General subdivision Psychology.
650 #0 - SUBJECT ADDED ENTRY--TOPICAL TERM
Topical term or geographic name as entry element Health behavior.
700 1# - ADDED ENTRY--PERSONAL NAME
Personal name Feist, Jess.
700 1# - ADDED ENTRY--PERSONAL NAME
Personal name Updegraff, John A.
942 ## - ADDED ENTRY ELEMENTS (KOHA)
Koha item type Books
Holdings
Withdrawn status Lost status Damaged status Home library Current library Date acquired Full call number Barcode Date last seen Price effective from Koha item type
      UMT Main Campus UMT Main Campus 2020-03-05 616.0019 BRA-H 133648 2025-03-12 2020-03-05 Books